000 00450nam a22001697a 4500
003 OSt
005 20251218143537.0
008 251218b |||||||| |||| 00| 0 eng d
020 _a9780751580440
040 _aKMU
_beng
_cKMU
_dKMU
_erda
050 _aPR6053.I448 R43
100 _aMiddleton, Ant
245 _aRed Mist:
_bAnger is a weapon/
_cAnt Middleton
260 _aLondon:
_bSphere,
_c2022.
300 _avi, 436 pages;
_c24 cm
942 _2lcc
_cBK
_n0
999 _c2472
_d2472